Państwo po piosence - Eurowizja 2023 - Statystyki

Ogólne statystyki
  • Ten quiz został rozwiązany 227 razy
  • Średni wynik to 27 z 37
Statystyki odpowiedzi
Tytuł Państwo % Poprawnych
"Tattoo" Szwecja
98%
"Solo" Polska
96%
"Queen of the kings" Norwegia
94%
"Mama ŠČ" Chorwacja
92%
"Cha Cha Cha" Finlandia
92%
"Unicorn" Izrael
90%
"Évidemment" Francja
89%
"Who The Hell Is Edgar?" Austria
85%
"My Sister's Crown" Czechy
85%
"Carpe Diem" Słowenia
83%
"Soarele şi Luna" Mołdawia
79%
"Ai coração" Portugalia
79%
"I Wrote A Song" Wielka Brytania
78%
"Blood & Glitter" Niemcy
77%
"EAEA" Hiszpania
75%
"Samo Mi Se Spava" Serbia
75%
"Watergun" Szwajcaria
75%
"Break A Broken Heart" Cypr
74%
"Bridges" Estonia
74%
"Heart Of Steel" Ukraina
72%
"Future lover" Armenia
71%
"Due Vite" Włochy
71%
"Duje" Albania
69%
"Becouse of You" Belgia
69%
"Promise" Australia
65%
"Power" Islandia
65%
"Stay" Litwa
65%
"Echo" Gruzja
63%
"Breaking My Heart" Dania
61%
"We Are One" Irlandia
59%
"What They Say" Grecja
58%
"Like An Animal" San Marino
58%
"D.G.T. (Off and On)" Rumunia
57%
"Aijā" Łotwa
55%
"Dance" Malta
54%
"Tell Me More" Azerbejdżan
53%
"Burning Daylight" Holandia
53%
Nie znaleziono quizów pasujących do podanych kryteriów
Rozkład punktacji
Procent ludzi z każdym wynikiem
Percentyl według liczby udzielonych odpowiedzi
Twoja historia wyników
Nie rozwiązałeś tego quizu